000 00924nam a2200205Ia 4500
005 20240530110938.0
008 140319s2021 ua dhf f 000 0 ara d
017 _a2020/15849
_bمصر. دار الكتب
020 _a9789773146009
040 _aGCL /
_cGCL
082 0 4 _221
_a962.054
_bق/م ف
100 0 _aميادة عبدالغنى حجازى
245 1 2 _aالفساد والمخالفات المالية فى عهد الملك فاروق :
_b1936 - 1953 م /
_cالمؤلف ميادة عبدالغنى حجازى ؛ تقديم جمال معوض شقرة
260 _aالقاهرة :
_bدار زهراءالشرق،
_c2021.
300 _a281 ص. :
_bايض ؛
_c24 سم.
650 0 7 _aالفساد السياسى
_yعصر الملك فاروق
651 0 7 _2qrmak
_aمصر
_xالاحوال السياسية
_yعصر الملك فاروق
700 0 _aجمال معوض شقرة
_eمقدم
942 _2ddc
_cBK
999 _c66773
_d66773